Business intelligence pre nový eshop v podmienkach SR
Business intelligence predstavuje súhrnné označenie pre metódy, architektúry a softvéry, ktorých cieľom je získanie, spracovanie, analyzovanie a prezentovanie dát. Slúžia na podporu rozhodovania a plánovania pri podnikaní. Možnosti ich využitia pri rozhodovaní sú hlavným rozdielom oproti bežným info...
Salvato in:
| Autore principale: | |
|---|---|
| Natura: | Capitolo di libro |
| Lingua: | slovacco |
| Soggetti: | |
| Tags: |
Nessun Tag, puoi essere il primo ad aggiungerne!!
|
MARC
| LEADER | 00000nla a2200000 4500 | ||
|---|---|---|---|
| 001 | 0238929 | ||
| 005 | 20240502073852.5 | ||
| 041 | 0 | |a slo | |
| 044 | |a SK | ||
| 245 | 1 | 0 | |a Business intelligence pre nový eshop v podmienkach SR |c Miroslav Klimek |
| 520 | |a Business intelligence predstavuje súhrnné označenie pre metódy, architektúry a softvéry, ktorých cieľom je získanie, spracovanie, analyzovanie a prezentovanie dát. Slúžia na podporu rozhodovania a plánovania pri podnikaní. Možnosti ich využitia pri rozhodovaní sú hlavným rozdielom oproti bežným informačným systémom. | ||
| 610 | 2 | 0 | |a Slovensko |
| 610 | 2 | 0 | |a business intelligence |
| 610 | 2 | 0 | |a technológie informačné |
| 610 | 2 | 0 | |a technológie komunikačné |
| 610 | 2 | 0 | |a systémy informačné |
| 610 | 2 | 0 | |a obchod elektronický |
| 610 | 2 | 0 | |a podnik |
| 610 | 2 | 0 | |a dáta |
| 610 | 2 | 0 | |a fakturovanie |
| 100 | 1 | |a Klimek, Miroslav | |